ONE PIECE - 100 Personnages connus (Scan 1080) - Statistiques

Statistiques générales
  • Ce quiz a été pris 599 fois
  • Le résultat moyen est 69 sur 100
Statistiques - réponses
Réponse % Correct
Monkey D. Luffy
100%
Zoro Roronoa
99%
Nami
98%
Sanji Vinsmoke
98%
Chopper
97%
Franky
97%
Lucky Roo
97%
Nico Robin
97%
Usopp
97%
Jinbe
96%
Charlotte Linlin
94%
Shanks
94%
Ace
93%
Kaido
92%
Trafalgar D. Water Law
92%
Sabo
91%
Brook
90%
Donquixote Doflamingo
90%
Garp
90%
Marshall D. Teach
90%
Crocodile
89%
Dracule Mihawk
89%
Edward Newgate
89%
Eustass Kid
89%
Baggy
88%
Gol D. Roger
88%
Charlotte Katakuri
86%
Gecko Moria
86%
Aokiji
85%
Bartholomew Kuma
85%
Monkey D. Dragon
85%
Akainu
84%
Boa Hancock
84%
Sengoku
83%
Kizaru
82%
Marco
82%
King
81%
Queen
81%
Killer
80%
Vivi
80%
Oden Kozuki
79%
Silvers Rayleigh
79%
Benn Beckman
78%
Jewelry Bonney
78%
Momonosuke
78%
Rob Lucci
76%
Basile Hawkins
75%
Kinemon
75%
Fujitora
74%
Urouge
74%
Cobby
73%
Scratchmen Apoo
72%
X Drake
72%
Capone Bege
71%
Emporio Ivankov
70%
Jack
70%
Charlotte Cracker
69%
Smoker
69%
Arlong
67%
Charlotte Smoothie
67%
Yasopp
66%
Ener
65%
Joz
64%
Shiraoshi
64%
Tashigi
63%
Bonclay
61%
Helmepp
61%
Vegapunk
61%
Yamato
61%
Bepo
60%
Vista
57%
Burgess
56%
Koala
56%
Charlotte Perospero
55%
Perona
55%
Bartolomeo
54%
Kanjuro Kurozumi
54%
Magellan
53%
Shiryu
53%
Carrot
52%
Corazon
51%
Im
49%
Cavendish
47%
Pedro
47%
Ryokugyu
44%
Cesar Clown
43%
Saint Jaygarcia Saturn
41%
Edward Weevil
39%
Orochi Kurozumi
39%
Scopper Gaban
39%
Hody Jones
36%
Pica
36%
Rocks D. Xebec
36%
Vinsmoke Judge
35%
Foxy
32%
Ryuma
26%
Senor Pink
19%
Don Chinjao
18%
Montblanc Norland
12%
Pandaman
6%
Aucun quiz correspondant
Distribution des résultats
% des personnes avec chaque résultat
Percentile par nombre de réponses
Votre historique - résultats
Vous n’avez pas pris ce quiz